Where Did These 22-23 Players Play Before Joining AC Milan - Statistics

General Stats
  • This quiz has been taken 167 times
  • The average score is 23 of 40
Answer Stats
Player Nationality Position Year Joined Answer % Correct
Mike Maignan France GK 2021 Lille
95%
Fikayo Tomori England DF 2021 Chelsea
83%
Théo Hernandez France DF 2019 Real Madrid
83%
Olivier Giroud France FW 2021 Chelsea
81%
Brahim Díaz(On loan at Milan) Spain MF 2020 Real Madrid
80%
Divock Origi Belgium FW 2022 Liverpool
78%
Davide Calabria Italy DF 2015 AC Milan(Academy)
76%
Alessandro Florenzi Italy DF 2022 AS Roma
76%
Sergiño Dest(On loan at Milan) USA DF 2022 Barcelona
75%
Zlatan Ibrahimović Sweden FW 2020 LA Galaxy
73%
Daniel Maldini Italy MF 2020 AC Milan(Academy)
72%
Rafael Leão Portugal FW 2019 Lille
69%
Matteo Gabbia Italy DF 2017 AC Milan(Academy)
68%
Tiémoué Bakayoko(On loan at Milan) France MF 2021 Chelsea
68%
Charles De Ketelaere Belgium MF 2022 Club Brugge
67%
Sandro Tonali Italy MF 2020 Brescia
65%
Tommaso Pobega Italy MF 2018 AC Milan(Academy)
63%
Lorenzo Colombo Italy FW 2020 AC Milan(Academy)
63%
Gabriele Bellodi Italy DF 2018 AC Milan(Academy)
61%
Marco Brescianini Italy MF 2020 AC Milan(Academy)
61%
Marco Nasti Italy FW 2022 AC Milan(Academy)
60%
Antonio Mionić Croatia MF 2021 AC Milan(Academy)
54%
Malick Thiaw Germany DF 2022 Schalke 04
54%
Ismaël Bennacer Algeria MF 2019 Empoli
52%
Mattia Caldara Italy DF 2018 Juventus
51%
Antonio Mirante Italy GK 2021 AS Roma
50%
Rade Krunić Bosnia MF 2019 Empoli
49%
Junior Messias Brazil FW 2021 FC Crotone
49%
Aster Vranckx(On loan at Milan) Belgium MF 2022 Wolfsburg
49%
Ante Rebić Croatia FW 2019 Eintracht Frankfurt
45%
Pierre Kalulu France DF 2020 Olympique Lyonnais
45%
Simon Kjær Denmark DF 2020 Sevilla
45%
Yacine Adli France MF 2021 Bordeaux
44%
Alexis Saelemaekers Belgium FW 2020 Anderlecht
41%
Andreas Jungdal Denmark GK 2021 AC Milan(Academy)
38%
Fodé Ballo-Touré Senegal DF 2021 AS Monaco
31%
Marko Lazetić Serbia FW 2022 Crvena zvezda
28%
Ciprian Tătărușanu Romania GK 2020 Olympique Lyonnais
17%
Emil Roback Sweden FW 2020 Hammarby
12%
Devis Vásquez Colombia GK 2023 Club Guaraní
4%
No matching quizzes found
Score Distribution
Percent of People with Each Score
Percentile by Number Answered
Your Score History
You have not taken this quiz